Visualizzazione normale
Vista MARC
- Boccherini Luigi
di Personal Name
Records bibliografici associati: 1
001 - CONTROL NUMBER
- control field: 5874
003 - CONTROL NUMBER IDENTIFIER
- control field: IT-RoPau
005 - DATE AND TIME OF LATEST TRANSACTION
- control field: 20131217222757.0
008 - FIXED-LENGTH DATA ELEMENTS
- fixed length control field: 131217|| aca||aabn | a|a d
040 ## - CATALOGING SOURCE
- Original cataloging agency: IT-RoPau
- Transcribing agency: IT-RoPau
100 ## - HEADING--PERSONAL NAME
- Personal name: Boccherini Luigi
- Dates associated with a name: Codice autore musica SPICS: 7898
- Relator term: Autore musica
- Name of part/section of a work: Minuetto dal quintetto in do maggiore
670 ## - SOURCE DATA FOUND
- Source citation: Work cat.: (IT-RoPau)103436: AA.VV. 794, Capolavori ritrovati (Lp Arion Sarn 101)